00905nam a22002413 450000100060000000300080000600500170001400800410003103500200007204000270009204100080011908200200012710000320014724501210017926000580030030000210035850400410037965000420042065000320046294200120049499900170050695201400052320502BD-RjUL20211209000556.0140301s1965 nju b 001 1 eng d a(BD-RjUL) 20564 aDLCcDLCbengdBD-RjUL aeng04a823.3bKNR 19651 aKnoepflmacher, U. C.96321710aReligious humanism and the Victorian novel:bGeorge Eliot, Walter Pater, and Samuel Butler /cby U.C. Knoepflmacher. aPrinceton, N.J. :bPrinceton University Press,c1965. a315 p. ;c22 cm. aBibliographical footnotes. and Index 0aEnglish fictiony19th century.956557 0aHumanism, Religious.963218 2ddccBK c20502d20502 00102ddc40728FICaRUCLbRUCLcReadingd1968-11-02eZeithlinger.g61.60l0o823.3 KNR 1965r2014-03-01 00:00:00tC-1w2014-03-01yBK